Statistics for U.S State animals

Click here to take the quiz!

General Stats

  • This quiz has been taken 63 times
  • The average score is 16 of 50

Answer Stats

StateAnimal% Correct
AlaskaMoose
93%
MaineMoose
93%
AlabamaBlack Bear
87%
LouisianaBlack bear
87%
West virginiaBlack bear
87%
New mexicoBlack bear
87%
MontanaGrizzly bear
80%
New jerseyHorse
80%
UtahElk
73%
OregonBeaver
60%
New yorkBeaver
60%
WyomingBison
60%
KansasBison
60%
OklahomaBison
60%
WisconsinBadger
53%
TennesseRaccoon
53%
TexasArmadillo
40%
South dakotaCoyote
40%
IndianaCardinal
33%
WashingtonOrca
27%
CaliforniaCalifornia grizzly bear
20%
ConnecticutSperm whale
20%
DelawareGray fox
13%
North carolinaGray squirrel
13%
KentuckyGray squirrel
13%
MississippiWhite-tailed deer
13%
GeorgiaWhite-tailed deer
13%
IllinoisWhite-tailed deer
13%
South carolinaWhite-tailed deer
13%
PennsylvaniaWhite-tailed deer
13%
OhioWhite-tailed deer
13%
New hampshireWhite-tailed deer
13%
ArkansasWhite-tailed deer
13%
NebraskaWhite-tailed deer
13%
MichiganWhite-tailed deer
13%
VirginiaAmerican fox hound
7%
MassachusettsBoston terrier
7%
NevadaDesert Bighorn sheep
7%
FloridaFlorida panther
7%
IowaGold finch
7%
Rhode islandHarbor seal
7%
HawaiiHawaiian monk seal
7%
IdahoIdaho giant salamander
7%
MinnesotaLoon
7%
MissouriMissouri mule
7%
North dakotaNokota horse
7%
ArizonaRingtail
7%
ColoradoRocky mountain
Bighorn sheep
7%
MarylandThoroughbred
7%
VermontMorgan horse
0%

Score Distribution

Percentile by Number Answered

Percent of People with Each Score

Your Score History

You have not taken this quiz